00663nam a2200229Ia 4500003000900000008004100009040001300050040001300063041000800076100001600084245002600100250002300126260002100149260000900170300001100179300001000190490001900200490000700219942000700226999001700233952018300250IT-RoPAU120407s9999 xx 000 0 und d aIT-RoPAU cIT-RoPAU aita aUgo Spiccio aSessualità€ e cancro aFrancavilla a Mare aEdizioni Paoline c1970 a143 p. c19 cm aAmore e sesso  v15 cBK c25701d25701 00102ddc406308_16150000000000071aPAULUSbPAULUSd2012-04-11l0o308.1615r2012-04-11 00:00:00w2012-04-11yBKzInserito da: In data: n.d. fondo: Via A.Severo 56 Progr:32749